LEADER 01158nam--2200397---450- 001 990000380000203316 005 20060626120118.0 035 $a0038000 035 $aUSA010038000 035 $a(ALEPH)000038000USA01 035 $a0038000 100 $a20010328d1950----km-y0itay0103----ba 101 $aita 102 $aIT 105 $a||||||||001yy 200 1 $a<> scuola materna italiana$fMarco Agosti, Vittorio Chizzolini 205 $a2 ed. 210 $aBrescia$cLa scuola$d1950 215 $a134 p.$cill.$d22 cm 300 $aIl testo è fotocopiato 606 0 $aArte italiana$xStoria 676 $a372.2180945 700 1$aAGOSTI,$bMarco$083954 701 1$aCHIZZOLINI,$bVittorio$0544082 801 0$aIT$bsalbc$gISBD 912 $a990000380000203316 951 $aII.4. 38(VI C 2498)$b123142 LM$cVI C 959 $aBK 969 $aUMA 979 $aPATTY$b90$c20010328$lUSA01$h1627 979 $aPATTY$b90$c20010328$lUSA01$h1632 979 $c20020403$lUSA01$h1646 979 $aPATRY$b90$c20040406$lUSA01$h1626 979 $aCOPAT1$b90$c20060626$lUSA01$h1201 996 $aScuola materna italiana$9875326 997 $aUNISA LEADER 01003nam--2200373---450- 001 990003665030203316 005 20120525133748.0 010 $a2-7186-0461-1 035 $a000366503 035 $aUSA01000366503 035 $a(ALEPH)000366503USA01 035 $a000366503 100 $a20120525d1996----km-y0itay50------ba 101 $afre 102 $aFR 105 $a||||||||001yy 200 1 $aApories$emourir-s'attendre aux limites de la verité$fJacques Derrida 210 $aParis$cGalilée$d1996 215 $a140 p.$d23 cm 225 2 $aIncises 410 0$12001$aIncises 454 1$12001 606 0 $2BNCF 676 $a128.5 700 1$aDERRIDA,$bJacques$0139765 801 0$aIT$bsalbc$gISBD 912 $a990003665030203316 951 $aII.1.D. 5608$b235977 L.M.$cII.1.D.$d00311197 959 $aBK 969 $aUMA 979 $aALESSANDRA$b90$c20120525$lUSA01$h1326 979 $aALESSANDRA$b90$c20120525$lUSA01$h1337 996 $aApories$91139224 997 $aUNISA